Quizzes
Events
Quiz Creation
Community
Videos
Private Events
Remove Ads
Sign In
Join for FREE
Feedback
Dark Mode
Quiz Categories
Sports
Geography
Music
Movies
Television
Just For Fun
Miscellaneous
History
Literature
Language
Science
Gaming
Entertainment
Religion
Holiday
For Kids
Quiz Lab
Recent
Popular Today
Quiz Kudos Today
Editor Picks
Curator Picks
Quizzes by...
Day
Popularity
Type
Ratings
Length
Year
Community
Subscriptions
Recent Discussions
Orange Saloon
Badges
Playlists
Quests
Create
Leaderboards
Showdown
Live 5
Trivia Bingo
Activity
Puzzle Library
Sporcle Events
Private Events
Virtual Trivia
Globe League
Become a Host
Pub Owners
SporcleCon
Opinionation
Our Games
Videos
Blog
Mobile Apps
Partnerships
Remove Ads and Go Orange
Feedback
Sports
Athletes
MLB
NBA
NHL
NFL
Soccer
Sports Teams
WWE
NCAA
Football
Premier League
Basketball
Baseball
Hockey
Golf
Tennis
Cricket
Rugby
Auto Racing
Olympics
World Cup
Sports
Athletes
MLB
NBA
NHL
NFL
Soccer
Sports Teams
WWE
NCAA
Football
Premier League
Basketball
Baseball
Hockey
Golf
Tennis
Cricket
Rugby
Auto Racing
Olympics
World Cup
Random Quiz
Search Sporcle
×
Quiz Lab
Quiz Lab
Sports
College
Type in answers that appear in a list
Type in answers that appear in a list
Classic
Best Score? Go Orange.
Minnesota Vikings all-time #1 picks Stats
Can you name the Minnesota Vikings all-time #1 picks?
By
waska
15m
49 Questions
297 Plays
297 Plays
297 Plays
Comments
Comments
Give Quiz Kudos
Give Quiz Kudos
-
- Ratings
hide this ad
Replay
Link that replays current quiz
Next Quiz
Link to next quiz in quiz playlist
You Got
0%
They Got
Avg Score
31%
Avg Friend Score
Upgrade to see
Score Distribution
Jump to the score distribution portion of the page
Score
0/49
Timer
15:00
0
Plays Today
Year Drafted
Player
% Correct
2007
Adrian Peterson
89.6%
1998
Randy Moss
83.2%
2009
Percy Harvin
83.2%
2003
Kevin Williams
78.5%
1999
Daunte Culpepper
74.7%
2006
Chad Greenway
70.7%
2005
Troy Williamson
63.3%
1993
Robert Smith
61.3%
2002
Bryant McKinnie
54.2%
2001
Michael Bennett
47.8%
1964
Carl Eller
43.4%
2008
Tyrell Johnson
43.1%
2004
Kenechi Udeze
42.1%
1977
Tommy Kramer
40.7%
1979
Ted Brown
40.7%
2000
Chris Hovan
40.4%
1973
Chuck Foreman
38.7%
1968
Ron Yary
37%
1988
Randall McDaniel
36.4%
1985
Chris Doleman
35.4%
1982
Darrin Nelson
30%
1967
Clinton Jones
29%
1990
Mike Jones
29%
1983
Joey Browner
28.6%
1997
Dwayne Rudd
28.3%
Year Drafted
Player
% Correct
1984
Keith Millard
27.6%
1987
DJ Dozier
24.6%
1961
Tommy Mason
23.6%
1969
Ed White
23.6%
1976
James White
23.6%
1994
DeWayne Washington
23.2%
1995
Derrick Alexander
23.2%
1980
Doug Martin
14.5%
1996
Duane Clemons
13.5%
1986
Gerald Robinson
12.5%
1972
Jeff Siemon
11.4%
1975
Mark Mullaney
10.1%
1974
Fred McNeill
8.8%
1978
Randy Holloway
8.4%
1992
Robert Harris
7.4%
1981
Mardye McDole
7.1%
1991
Carlos Jenkins
6.7%
1965
Jack Snow
5.7%
1962
Bill Miller
5.4%
1971
Leo Hayden
5.4%
1970
John Ward
4.7%
1963
Jim Dunaway
3.4%
1989
David Braxton
3%
1966
Jerry Shaw
1.3%
Quiz Playlist
Details
Report
Send in Message
Add To Playlist
Classic:
Type in answers that appear in a list
Last Updated: Feb 16, 2017
Quiz Scoreboard
CHALLENGE
Sign Up to Join the Scoreboard
Show All
Scores
Hide
Comments
May contain spoilers
Recently Published
Presidents Visiting Landmarks
by Hejman
History
7m
An Introduction to Baseball
by treessimontrees
Sports
5m
Movies - When Are They Set?
by FPL_Elf
Movies
5m
More to Explore
Quiz From the Vault
Featured Blog Post
Where Did the Easter Bunny Come From?
hide this ad
You Might Also Like...
Tags
College Quiz
Attended
Draft
minnesota
Minnesota Vikings
Player
Viking
Today's Top Quizzes in Sports
Browse Sports
hide this ad
Today's Top Quizzes in College
Browse College
Top Contributed Quizzes in Sports
1
Les meilleurs buteurs des matchs entre le PSG et l’OM
2
2022 World Cup Stars
3
FIFA Club World Cup Champions
4
Les entraîneurs de l'OM et du PSG au 21e siècle
5
Name the Premier League winners with different clubs
6
La finale Lions - Afrique du Sud 2021
7
5-to-1: UK Sports Teams
8
England Test cricketers to play under Nasser Hussain
9
Players with Multiple 50 Home Run Seasons
10
AFC Teams Reveal (Wrong Answers Minefield)
Explore More
Trending Topics
Marvel
NBA
Crossword
Kpop
Harry Potter
Disney
Anime
Country
WWE
Soccer
NFL
Puzzle
Song
Pokémon
The Office
hide this ad
More By:
waska
Quiz
Plays
Rating
Category
Featured
Created
Name That Twin
1,386
2.78
Sports
Oct 13, 2009
Rap/Hip-Hop Artist
747
1.00
Music
Dec 1, 2009
Minnesota Vikings all-time #1 picks
297
Sports
Nov 29, 2009
even harder rap and hip hop artists
281
1.00
Music
Jul 19, 2010
NHL team by arena
224
1.00
Sports
Nov 19, 2009
Go to Creator's Profile
Score Distribution
Quiz Creator Spotlight
waska
Follow
Send a Message
Quizzes Created
-
Created Quiz Play Count
-
More By This Creator
Popular Quizzes Today
1
Find the US States - No Outlines Minefield
2
Find the Countries of Europe - No Outlines Minefield
3
The Countries of the World
4
Find the US States
5
Popular People in 1961
6
US States
7
Risky Map Clicking: Biggest States A-Z
8
1-10 Letter E Words III
More Sports Quizzes
Euro 2020/21 Finals Groups
Quiz Lab
Trending Quizzes
Risky Map Clicking: Least Populous States A-Z
1-10 Letter G Words
1-10 Letter F Words
Risky Map Clicking: Next State Alphabetically
Risky Map Clicking: Biggest States A-Z
Recently Updated
Leaping Animals
pecheneg
Reality TV Shows (A-Z)
bhenderson79
Rickey Henderson's Hall of Fame Teammates
pecheneg
Champions League XIs: Arsenal
pecheneg
Quick Pick: Celebrities in WWE's Hall of Fame
aduchscher
A-Z Keypad Blitz II
pecheneg
Multiple Oscar Actors
pecheneg
Mystery Phrase Blitz: Oscar 'Best Actors'
pecheneg
F. Scott Fitzgerald Novels
LTH
Pick 3 Villains
ddd62291
Trending Topics
Crossword
NBA
Anime
Disney
Kpop
Harry Potter
Marvel
Song
NFL
Country
WWE
Pokémon
Soccer
The Office
Puzzle
Your Account Isn't Verified!
In order to create a playlist on Sporcle, you need to verify the email address you used during registration. Go to your
Sporcle Settings
to finish the process.
Report this User
Report this user for behavior that violates our
Community Guidelines
.
Details:
Send Report
Go to the Sporcle.com Mobile Site →
Comments